[Event "IDS op-29 A"]
[Site "Dortmund"]
[Date "2001.07.13"]
[Round "2"]
[White "Stark, Lars"]
[Black "Kuhnen, Thomas"]
[Result "1/2-1/2"]
[WhiteElo "1955"]
[BlackElo "2365"]
[PlyCount "68"]
[EventDate "2001.07.12"]
[Source "www.chesslib.no"]
[SourceDate "2004.05.04"]

1. d4 d5 2. c4 c6 3. Nf3 Nf6 4. Nc3 dxc4 5. a4 e6 6. e3 Bb4 7. Bxc4 Ne4 8. Qc2 Qa5 9. Bd2 Nxd2 10. Nxd2 Nd7 11. O-O Nf6 12. e4 Qh5 13. e5 Nd5 14. Nde4 Be7 15. Rfe1 Qg6 16. Rad1 Bd7 17. Qb3 b6 18. Rd3 h5 19. Rg3 Qh6 20. Nd6+ Bxd6 21. exd6 Kf8 22. Qd1 g5 23. Qc1 g4 24. Qd1 Rg8 25. Re5 f6 26. Re1 Kf7 27. Nxd5 cxd5 28. Bxd5 Rae8 29. Bb3 Qf8 30. Qc2 Qxd6 31. Qh7+ Kf8 32. Rd1 Re7 33. Qh6+ Reg7 34. Qxf6+ Rf7 1/2-1/2

[Event "Corr"]
[Site "?"]
[Date "2002.06.15"]
[Round "?"]
[White "Delabarre Olivier"]
[Black "Dubleumortier Alain"]
[Result "1-0"]
[WhiteElo "2100"]
[BlackElo "1999"]
[PlyCount "41"]
[EventDate "2002.??.??"]
[Source "www.chesslib.no"]
[SourceDate "2004.05.04"]

1. d4 d5 2. c4 c6 3. Nf3 Nf6 4. Nc3 dxc4 5. a4 e6 6. e4 c5 7. Bxc4 cxd4 8. Qxd4 Qxd4 9. Nxd4 a6 10. f3 e5 11. Nc2 Nc6 12. Bg5 Be7 13. O-O O-O 14. Rfd1 Rd8 15. Be3 Rxd1+ 16. Rxd1 Nd8 17. Nb4 Be6 18. Nbd5 Kf8 19. Nb6 Rb8 20. Ncd5 Nd7 21. Rd2 1-0